Circuits de Mario Kart - Statistiques

Statistiques générales
  • Ce quiz a été pris 35 fois
  • Le résultat moyen est 14 sur 32
Statistiques - réponses
Coupe Champignon % Correct
Circuit Mario
89%
Route Arc En Ciel
81%
Mine Wario
70%
Prairie Meuh Meuh
70%
Supermarché Coco
70%
Château de Bowser
67%
Usine Toad
63%
Pic DK
59%
Bois Vermeil
56%
Gorge Champignon
56%
Cap Koopa
48%
DS Jardin Peach
48%
DS Quartier Delfino
48%
GCN Stade Waluigi
48%
DS Cascade Yoshi
44%
GCN Montagne DK
44%
N64 Jungle DK
44%
Route Clair de Lune
44%
Circuit Daisy
41%
GBA Plage Maskass
41%
N64 Autodrome Mario
33%
N64 Royaume Sorbet
33%
SNES Circuit Mario 3
33%
SNES Vallée Fantôme 2
33%
Volcan Grondant
33%
DS Désert du soleil
26%
GBA Château de Bowser 3
26%
N64 Château de Bowser
26%
GCN Plage Peach
22%
Ruine Sec sec
22%
GCN Circuit Mario
19%
Circuit Luidi
0%
Aucun quiz correspondant
Distribution des résultats
% des personnes avec chaque résultat
Percentile par nombre de réponses
Votre historique - résultats
Vous n’avez pas pris ce quiz